[Event "ROU-ch Women 2018"]
[Site "Olanesti"]
[Date "2018.05.16"]
[Round "3"]
[White "Sandu, Mihaela"]
[Black "Lehaci, Miruna-Daria"]
[Result "1-0"]
[WhiteElo "2258"]
[BlackElo "1905"]
[Annotator "NA"]
[PlyCount "127"]
[EventDate "2018.??.??"]
[EventType "swiss"]
[EventCountry "ROU"]
[SourceTitle "playchess.com"]
[Source "ChessBase"]
[SourceQuality "1"]
[TimeControl "40/5400+30:1800+30"]

1. e4 {[%emt 0:00:00]} c5 {[%emt 0:00:03]} 2. Nf3 {[%emt 0:00:00]} d6 {[%emt 0:00:03]} 3. d4 {[%emt 0:00:00]} cxd4 {[%emt 0:00:03]} 4. Nxd4 {[%emt 0:00:00]} Nf6 {[%emt 0:00:05]} 5. Nc3 {[%emt 0:00:00]} a6 {[%emt 0:00:02]} 6. Be2 {[%emt 0:00:00]} e5 {[%emt 0:00:03]} 7. Nb3 {[%emt 0:01:38]} Be7 {[%emt 0:00:05]} 8. O-O {[%emt 0:00:38]} O-O {[%emt 0:00:04]} 9. Be3 {[%emt 0:01:25]} Be6 {[%emt 0:00:07]} 10. Qd2 {[%emt 0:00:28]} Nbd7 {[%emt 0:00:04]} 11. a4 {[%emt 0:00:16]} Rc8 {[%emt 0:00:04]} 12. a5 {[%emt 0:03:34]} Qc7 {[%emt 0:01:18]} 13. Rfd1 {[%emt 0:05:40]} Rfe8 {[%emt 0:00:11]} 14. f3 {[%emt 0:08:08] B92: Sicilian Najdorf: 6 Be2} h6 {[%emt 0:00:54] LiveBook: 18 Games} 15. Nc1 {[%emt 0:10:26]} (15. Rdc1 Qc6 16. Rd1 {½-½ (20) Sjugirov,S (2674)-Nepomniachtchi,I (2703) Sochi 2016}) 15... Bf8 {[%emt 0:01:21]} 16. Bf1 {[%emt 0:00:16]} Red8 {[%emt 0:11:01]} 17. Qf2 {[%emt 0:06:32]} Qc6 {[%emt 0:03:15]} 18. Qd2 {[%emt 0:06:33]} Nc5 {[%emt 0:12:52]} 19. N1a2 $146 {[%emt 0:10:51]} ({Predecessor:} 19. Nd5 Bxd5 20. exd5 Qe8 21. c4 Qe7 {1-0 (42) Ressler,V (2281)-Officier,T ICCF email 2010}) 19... Qc7 {[%emt 0:22:30]} 20. Nb4 {[%emt 0:02:02]} Be7 {[%emt 0:05:33]} 21. Nbd5 {[%emt 0:03:14]} Nxd5 {[%emt 0:00:23]} 22. Nxd5 {[%emt 0:00:18]} Bxd5 {[%emt 0:00:04]} 23. exd5 {[%emt 0:07:45]} Rf8 {[%emt 0:08:22]} 24. b4 {[%emt 0:00:37]} Nd7 {[%emt 0:00:04]} 25. c4 {[%emt 0:00:05]} Qd8 {[%emt 0:03:21]} 26. Rac1 {[%emt 0:07:05]} f5 {[%emt 0:01:35]} (26... Bg5 $14) 27. c5 {[%emt 0:00:50]} dxc5 {[%emt 0:16:22]} 28. d6 {[%emt 0:01:32]} Bg5 {[%emt 0:00:12]} 29. bxc5 {[%emt 0:04:02]} Bxe3+ {[%emt 0:00:16]} 30. Qxe3 {[%emt 0:00:05]} Qxa5 {[%emt 0:01:14]} 31. Qb3+ {[%emt 0:07:20]} Kh8 {[%emt 0:00:05]} 32. Qxb7 {[%emt 0:00:04]} Nxc5 {[%emt 0:00:54]} 33. Qa7 {[%emt 0:01:18]} Ne6 {[%emt 0:05:22]} 34. d7 {[%emt 0:08:45]} Ra8 {[%emt 0:01:02]} 35. Qb7 $18 {[%emt 0:00:58]} Rab8 {[%emt 0:00:40]} 36. Qxa6 {[%emt 0:01:25]} Qxa6 {[%emt 0:01:07]} 37. Bxa6 {[%emt 0:00:05]} Rbd8 {[%emt 0:00:50]} 38. Rd6 {[%emt 0:01:13]} Nf4 {[%emt 0:02:46]} 39. Rc8 {[%emt 0:00:58]} Nh5 {[%emt 0:00:22]} 40. Rc5 {[%emt 0:00:00]} Nf6 {[%emt 0:01:23]} 41. Bb5 {[%emt 0:10:46]} e4 {[%emt 0:06:10]} 42. Rxf5 {[%emt 0:00:54]} exf3 {[%emt 0:05:35]} 43. Rxf3 {[%emt 0:00:04]} Kh7 {[%emt 0:00:58]} 44. h3 {[%emt 0:07:01]} Rb8 {[%emt 0:03:11]} 45. Bc6 {[%emt 0:00:48]} Rfd8 {[%emt 0:00:59]} 46. Re3 {[%emt 0:02:11]} Kh8 {[%emt 0:05:36]} 47. Re7 {[%emt 0:00:26]} Kg8 {[%emt 0:10:47]} 48. Rde6 {[%emt 0:00:14]} Kf8 {[%emt 0:00:04]} 49. Re2 {[%emt 0:00:25]} h5 {[%emt 0:02:03]} 50. g3 {[%emt 0:00:14]} Rb1+ {[%emt 0:00:22]} 51. Kg2 {[%emt 0:00:15]} Rbb8 {[%emt 0:01:44]} 52. Kf2 {[%emt 0:00:25]} Nxd7 {[%emt 0:01:50]} 53. Rxd7 {[%emt 0:01:14]} Rxd7 {[%emt 0:00:23]} 54. Bxd7 {[%emt 0:00:06]} Rb4 {[%emt 0:00:05]} 55. h4 {[%emt 0:01:05]} Rd4 {[%emt 0:00:06]} 56. Be8 {[%emt 0:00:17]} Rd5 {[%emt 0:00:05]} 57. Bg6 {[%emt 0:00:06]} Rd8 {[%emt 0:00:27]} 58. Bxh5 {[%emt 0:00:09]} g5 {[%emt 0:00:16]} 59. hxg5 {[%emt 0:00:38]} Rd5 {[%emt 0:00:09]} 60. Bf3 {[%emt 0:00:56]} Rxg5 {[%emt 0:00:07]} 61. g4 {[%emt 0:00:05]} Kg7 {[%emt 0:00:09]} 62. Kg3 {[%emt 0:00:04]} Ra5 {[%emt 0:00:22]} 63. Kf4 {[%emt 0:01:27]} Kf6 {[%emt 0:01:14]} 64. Rb2 {[%emt 0:00:10]} 1-0

[Event "ROU-ch Women 2018"]
[Site "Olanesti"]
[Date "2018.05.16"]
[Round "3"]
[White "Cosman, Andreea-Marioara"]
[Black "Dragomirescu, Angela"]
[Result "1/2-1/2"]
[WhiteElo "2130"]
[BlackElo "2272"]
[Annotator "NA"]
[PlyCount "133"]
[EventDate "2018.??.??"]
[EventType "swiss"]
[EventCountry "ROU"]
[SourceTitle "playchess.com"]
[Source "ChessBase"]
[SourceQuality "1"]
[TimeControl "40/5400+30:1800+30"]

1. d4 {[%emt 0:00:00]} d6 {[%emt 0:00:55]} 2. c4 {[%emt 0:00:09]} e5 {[%emt 0:00:49]} 3. Nf3 {[%emt 0:00:37]} e4 {[%emt 0:00:13]} 4. Ng5 {[%emt 0:00:28]} f5 {[%emt 0:00:13]} 5. Nc3 {[%emt 0:01:08]} c6 {[%emt 0:03:22]} 6. g3 {[%emt 0:08:30]} Be7 {[%emt 0:01:17] LiveBook: 55 Games} 7. h4 {[%emt 0:04:28]} Na6 {[%emt 0:02:00]} 8. Bg2 {[%emt 0:10:56] A21: English Opening: 1...e5 2 Nc3} Nf6 {[%emt 0:01:10]} 9. a3 {[%emt 0:09:08]} Nc7 {[%emt 0:02:03]} 10. b4 {[%emt 0:02:17]} (10. d5 $11) 10... O-O {[%emt 0:02:55]} 11. e3 {[%emt 0:11:50]} Ne6 $146 {[%emt 0:14:48]} ({Predecessor:} 11... d5 12. c5 {1-0 (37) Glud,J (2496)-Akdag,D (2218) Denmark 2012}) 12. Nh3 {[%emt 0:11:18]} d5 {[%emt 0:02:20]} 13. Qb3 {[%emt 0:03:40]} a5 {[%emt 0:04:43]} 14. cxd5 {[%emt 0:03:20]} Nxd5 {[%emt 0:16:18]} 15. bxa5 {[%emt 0:14:40]} Nxc3 {[%emt 0:20:48]} 16. Qxc3 {[%emt 0:00:13]} Qxa5 {[%emt 0:04:34]} 17. Qxa5 {[%emt 0:06:33]} Rxa5 {[%emt 0:00:02]} 18. O-O {[%emt 0:02:04]} Bd7 {[%emt 0:00:47]} 19. Rd1 {[%emt 0:02:33]} Rfa8 {[%emt 0:00:18]} 20. Bf1 {[%emt 0:01:15]} Bxa3 {[%emt 0:13:06]} 21. Bc4 {[%emt 0:00:42]} Kf8 {[%emt 0:00:29]} (21... b5 $17 22. Bb3 Kf8) 22. Bd2 {[%emt 0:01:07]} R5a7 {[%emt 0:01:06]} 23. d5 {[%emt 0:02:02]} Nc7 {[%emt 0:03:10]} 24. Ng5 {[%emt 0:02:00]} cxd5 {[%emt 0:00:27]} 25. Rxa3 {[%emt 0:00:46]} Rxa3 {[%emt 0:00:53]} 26. Bb4+ {[%emt 0:00:03]} Ke8 {[%emt 0:00:10]} 27. Bxa3 {[%emt 0:00:10]} Rxa3 {[%emt 0:02:21]} 28. Bxd5 {[%emt 0:00:23]} Rd3 {[%emt 0:00:59]} 29. Bf7+ {[%emt 0:00:23]} Ke7 {[%emt 0:01:46]} 30. Rc1 {[%emt 0:00:34]} Kd6 {[%emt 0:00:53]} (30... Nb5 $17 31. Bg8 h6) 31. Bc4 {[%emt 0:00:41]} Rd2 {[%emt 0:00:20]} 32. Kf1 {[%emt 0:00:35]} b5 {[%emt 0:00:23]} 33. Ke1 {[%emt 0:00:54]} Rb2 {[%emt 0:00:12]} 34. Be2 {[%emt 0:00:24]} Nd5 {[%emt 0:00:41]} 35. Nf7+ {[%emt 0:00:29]} Ke6 {[%emt 0:00:35]} 36. Nd8+ {[%emt 0:00:44]} Ke7 {[%emt 0:00:10]} 37. Nb7 {[%emt 0:00:27]} b4 {[%emt 0:00:24]} 38. Nc5 {[%emt 0:00:38]} Nc3 {[%emt 0:00:17]} 39. Bc4 {[%emt 0:00:03]} Kd6 {[%emt 0:01:24]} 40. Na6 {[%emt 0:00:00]} Be6 {[%emt 0:00:35]} 41. Bxe6 {[%emt 0:05:01]} Ne2 {[%emt 0:21:09]} 42. Rd1+ {[%emt 0:08:00]} Kxe6 {[%emt 0:00:06]} 43. Rd2 {[%emt 0:00:14]} Rxd2 {[%emt 0:00:26]} 44. Kxd2 {[%emt 0:00:07]} Ng1 {[%emt 0:01:47]} 45. Nxb4 {[%emt 0:01:02]} Nf3+ {[%emt 0:01:27]} 46. Ke2 {[%emt 0:01:26]} Kd6 {[%emt 0:01:35]} 47. Nc2 {[%emt 0:03:37]} Kd5 {[%emt 0:00:33]} 48. Ne1 {[%emt 0:01:25]} Ne5 {[%emt 0:00:18]} 49. Nc2 {[%emt 0:01:58]} Nc6 {[%emt 0:00:08]} 50. Ne1 {[%emt 0:01:22]} h6 {[%emt 0:00:11]} 51. Ng2 {[%emt 0:02:27]} g5 {[%emt 0:00:07]} 52. hxg5 {[%emt 0:00:14]} hxg5 {[%emt 0:00:01]} 53. Ne1 {[%emt 0:00:47]} Nb4 {[%emt 0:00:06]} 54. Kd2 {[%emt 0:02:10]} Kc4 {[%emt 0:02:40]} 55. f4 {[%emt 0:01:42]} gxf4 {[%emt 0:02:36]} 56. gxf4 {[%emt 0:00:14]} Kb3 {[%emt 0:03:50]} 57. Ng2 {[%emt 0:01:06]} Nd5 {[%emt 0:00:01]} 58. Ne1 {[%emt 0:02:49]} Nb6 {[%emt 0:00:20]} 59. Ng2 {[%emt 0:00:48]} Nc4+ $11 {[%emt 0:00:55]} 60. Ke2 {[%emt 0:00:06]} Kc2 {[%emt 0:00:18]} 61. Nh4 {[%emt 0:00:17]} Nd6 {[%emt 0:00:05]} 62. Ng6 {[%emt 0:00:29]} Kc3 {[%emt 0:01:07]} 63. Ne7 {[%emt 0:00:17]} Kc2 {[%emt 0:00:08]} 64. Ng6 {[%emt 0:00:07]} Nb5 {[%emt 0:00:59]} 65. Ne7 {[%emt 0:00:28]} Nd6 {[%emt 0:01:14]} 66. Ng6 {[%emt 0:00:15]} Nb5 {[%emt 0:00:01]} 67. Ne7 {[%emt 0:00:08]} 1/2-1/2

[Event "ROU-ch Women 2018"]
[Site "Olanesti"]
[Date "2018.05.16"]
[Round "3"]
[White "Schiopu, Andreea-Alexandra"]
[Black "Ciocan, Maria-Alexandra"]
[Result "0-1"]
[WhiteElo "1765"]
[BlackElo "2021"]
[Annotator "NA"]
[PlyCount "140"]
[EventDate "2018.??.??"]
[EventType "swiss"]
[EventCountry "ROU"]
[SourceTitle "playchess.com"]
[Source "ChessBase"]
[SourceQuality "1"]
[TimeControl "40/5400+30:1800+30"]

1. d4 {[%emt 0:00:00]} Nf6 {[%emt 0:05:12]} 2. Nf3 {[%emt 0:00:00]} g6 {[%emt 0:00:20]} 3. g3 {[%emt 0:01:32]} Bg7 {[%emt 0:00:12]} 4. Bg2 {[%emt 0:00:15]} O-O {[%emt 0:00:07]} 5. O-O {[%emt 0:00:30]} d6 {[%emt 0:00:05]} 6. c4 {[%emt 0:00:25]} Nc6 {[%emt 0:00:05]} 7. Nc3 {[%emt 0:00:32]} a6 {[%emt 0:00:05]} 8. b3 {[%emt 0:01:50]} Rb8 {[%emt 0:00:25]} 9. Bb2 {[%emt 0:00:40]} b5 {[%emt 0:00:51]} 10. cxb5 {[%emt 0:01:01]} axb5 {[%emt 0:00:07]} 11. Rc1 {[%emt 0:01:05]} b4 {[%emt 0:00:37]} 12. Na4 {[%emt 0:01:59]} Na5 {[%emt 0:01:30]} 13. Qc2 {[%emt 0:01:47]} c6 {[%emt 0:00:23] LiveBook: 11 Games} 14. Nd2 {[%emt 0:00:45]} Ba6 {[%emt 0:07:00]} 15. Nc4 $17 {[%emt 0:02:36]} (15. Rfe1 $11 {remains equal.}) 15... Bb5 {[%emt 0:25:13]} 16. Ba1 {[%emt 0:03:44]} Qc7 {[%emt 0:07:02]} 17. Nab2 {[%emt 0:01:54]} Nd5 {[%emt 0:05:47]} 18. Nd3 {[%emt 0:01:39]} Qa7 {[%emt 0:01:19]} 19. e3 {[%emt 0:05:13]} Rfc8 {[%emt 0:02:35]} 20. Qd2 {[%emt 0:01:00]} Nb6 {[%emt 0:05:47]} 21. Nxb6 {[%emt 0:04:01]} Qxb6 {[%emt 0:00:37]} 22. Rfd1 {[%emt 0:00:17]} Bxd3 {[%emt 0:04:44]} 23. Qxd3 {[%emt 0:00:41]} Nb7 {[%emt 0:00:26]} 24. Rc2 {[%emt 0:00:34]} c5 {[%emt 0:05:16]} 25. Rdc1 {[%emt 0:00:30]} Rd8 {[%emt 0:02:51]} 26. Bxb7 {[%emt 0:00:35]} Qxb7 {[%emt 0:00:09]} 27. dxc5 {[%emt 0:01:14]} dxc5 {[%emt 0:00:06]} 28. Qe2 {[%emt 0:00:24]} Bxa1 {[%emt 0:00:42]} 29. Rxa1 {[%emt 0:00:01]} Rd5 {[%emt 0:04:16]} 30. Rac1 {[%emt 0:00:27]} Qc6 {[%emt 0:05:10]} 31. Qc4 {[%emt 0:01:11]} Qd6 {[%emt 0:01:20]} 32. Qf4 {[%emt 0:01:28]} e5 {[%emt 0:03:26]} 33. Qc4 {[%emt 0:03:02]} Rc8 {[%emt 0:01:35]} 34. Ra1 {[%emt 0:05:35]} Ra8 {[%emt 0:01:49]} 35. Rac1 {[%emt 0:02:15]} Kg7 {[%emt 0:03:51]} 36. Kg2 {[%emt 0:01:56]} Qc6 {[%emt 0:03:31]} 37. f3 {[%emt 0:01:17]} Qd7 {[%emt 0:01:20]} 38. Re1 Rc8 {[%emt 0:02:03]} 39. Ree2 {[%emt 0:04:14]} h5 {[%emt 0:01:19]} 40. Qh4 {[%emt 0:00:00]} Rd1 {[%emt 0:00:41]} 41. Qe4 {[%emt 0:03:07]} Rd5 {[%emt 0:04:37]} 42. Rc4 {[%emt 0:01:12]} Re8 {[%emt 0:03:51]} 43. Qc2 {[%emt 0:00:49]} Qd6 {[%emt 0:12:09]} 44. e4 {[%emt 0:01:08]} Rd1 {[%emt 0:00:27]} 45. Rxc5 {[%emt 0:01:06]} Qd4 {[%emt 0:00:19]} 46. Rf2 {[%emt 0:00:17]} Rd8 {[%emt 0:02:01]} 47. Qc4 {[%emt 0:01:47]} Rd7 {[%emt 0:06:00]} 48. Qxd4 {[%emt 0:02:26]} exd4 {[%emt 0:00:07]} 49. Rcc2 {[%emt 0:00:10]} d3 {[%emt 0:01:33]} 50. Rcd2 {[%emt 0:00:14]} Re1 {[%emt 0:01:27]} 51. Rf1 {[%emt 0:03:46]} Re2+ {[%emt 0:00:11]} 52. Rxe2 {[%emt 0:00:55]} dxe2 {[%emt 0:00:05]} 53. Re1 {[%emt 0:00:03]} Rd2 {[%emt 0:00:12]} 54. Kf2 {[%emt 0:00:05]} Rxa2 {[%emt 0:00:06]} 55. Rxe2 {[%emt 0:00:03]} Ra3 {[%emt 0:00:10]} 56. Rb2 {[%emt 0:00:17]} Ra1 {[%emt 0:03:56]} 57. Ke3 {[%emt 0:00:12]} Rd1 {[%emt 0:00:32]} 58. Rd2 {[%emt 0:01:00]} Rb1 {[%emt 0:00:06]} 59. Rd3 {[%emt 0:00:36]} g5 {[%emt 0:00:38]} 60. Kd4 {[%emt 0:02:46]} Rb2 {[%emt 0:00:17]} 61. Kc4 {[%emt 0:06:22]} Rxh2 {[%emt 0:00:06]} 62. f4 {[%emt 0:00:30]} gxf4 {[%emt 0:00:38]} 63. gxf4 {[%emt 0:00:04]} Rf2 {[%emt 0:01:06]} 64. f5 {[%emt 0:00:20]} Re2 {[%emt 0:00:46]} 65. Rd4 {[%emt 0:00:16]} Kf6 {[%emt 0:01:09]} 66. Kd5 {[%emt 0:00:48]} h4 {[%emt 0:00:25]} 67. Rxb4 {[%emt 0:01:12]} Rd2+ {[%emt 0:00:10]} 68. Kc6 {[%emt 0:00:24]} h3 {[%emt 0:00:21]} 69. Rc4 {[%emt 0:00:17]} h2 {[%emt 0:00:12]} 70. e5+ {[%emt 0:00:15]} Kg5 {[%emt 0:00:34]} 0-1

[Event "ROU-ch Women 2018"]
[Site "Olanesti"]
[Date "2018.05.18"]
[Round "5"]
[White "Bulmaga, Irina"]
[Black "Dragomirescu, Angela"]
[Result "1-0"]
[WhiteElo "2415"]
[BlackElo "2272"]
[Annotator "TA"]
[PlyCount "71"]
[EventDate "2018.??.??"]
[EventType "swiss"]
[EventCountry "ROU"]
[SourceTitle "playchess.com"]
[Source "ChessBase"]
[SourceQuality "1"]

{[%evp 13,71,35,43,0,37,33,31,-20,-11,-27,-27,-26,64,71,83,92,85,0,4,6,42,22,16,-137,-120,-150,-66,-52,-75,-62,-79,-81,58,55,98,80,114,125,178,164,279,275,268,290,292,205,259,181,333,331,417,414,485,474,454,466,29997,29998,29998,29999]} 1. e4 d6 2. d4 Nf6 3. Nc3 g6 4. Be3 a6 5. Qd2 (5. h3 Bg7 6. Nf3 O-O 7. a4 Nc6 8. Be2 e6 9. O-O b6 10. d5 exd5 11. exd5 Ne7 12. Bc4 Bb7 13. Qd2 Nf5 14. Bf4 Qd7 15. Rfe1 Rfe8 16. Rxe8+ Rxe8 17. Re1 Rxe1+ 18. Qxe1 {½-½ (63) Caruana,F (2799)-Grischuk,A (2782) Saint Louis 2017}) 5... b5 6. f3 {B07: Pirc Defence: Miscellaneous Systems} Nbd7 7. O-O-O Nb6 {LiveBook: 5 Games} 8. g4 {White is slightly better.} b4 9. Nb1 a5 10. h4 (10. Bb5+ $14 Bd7 11. Bd3) 10... h5 $1 $11 11. g5 Nfd7 12. c4 bxc3 (12... c5 $11) 13. Nxc3 $14 {[#]} Bg7 $146 14. f4 Bb7 15. Bd3 (15. Nh3 $1 $16) 15... O-O 16. Nge2 c5 17. Rhf1 Qc8 18. d5 $2 ({Better is} 18. Kb1 $11) 18... Ba6 19. e5 Nc4 ({Black should try} 19... dxe5 $17 20. f5 gxf5 21. Rxf5 e4 $1 {[%mdl 512]} 22. Bxa6 Qxa6) 20. Bxc4 $1 $15 Bxc4 21. Qc2 dxe5 22. f5 {[#]} Bxe2 ({Black should play} 22... e4 $1 $17 {[%mdl 512] And now ...gxf5 would win.} 23. Nxe4 (23. Qxe4 Qa6) 23... Qa6) 23. Qxe2 $14 Qa6 {[#]} 24. d6 $1 $36 {[%mdl 2560] Keeping Black busy.} exd6 25. f6 Qxe2 (25... Bh8 $16) 26. Nxe2 $18 Ra6 (26... Nb6 {is a better defense.}) 27. fxg7 Kxg7 28. Nc3 f5 29. gxf6+ Rxf6 30. Rxf6 Kxf6 $2 (30... Nxf6 31. Bg5 Rc6) 31. Nb5 Kf5 32. Nxd6+ Kg4 33. Nc4 Nb8 34. Nxe5+ Kxh4 (34... Kf5 $18 35. Nc4 Re6 36. Bxc5 Nc6) 35. Bf4 {[%cal Rd1h1]} Kh3 36. Rd2 {Precision: White = 53%, Black = 25%.} 1-0

[Event "ROU-ch Women 2018"]
[Site "Olanesti"]
[Date "2018.05.18"]
[Round "5"]
[White "Cosma, Elena-Luminita"]
[Black "Peptan, Corina-Isabela"]
[Result "1/2-1/2"]
[WhiteElo "2331"]
[BlackElo "2393"]
[Annotator "TA"]
[PlyCount "197"]
[EventDate "2018.??.??"]
[EventType "swiss"]
[EventCountry "ROU"]
[SourceTitle "playchess.com"]
[Source "ChessBase"]
[SourceQuality "1"]

{[%evp 23,197,39,38,24,55,22,19,11,16,16,20,11,11,6,14,10,13,10,8,0,0,0,14,0,78,72,105,107,104,103,101,98,98,98,118,116,118,125,123,117,118,79,79,79,79,79,86,86,93,86,86,65,65,65,65,65,65,65,72,57,72,72,89,89,89,89,89,89,89,90,90,90,90,89,89,89,89,89,89,0,0,0,0,0,0,0,0,0,0,0,0,0,0,0,0,0,0,0,0,0,0,0,0,0,0,0,0,0,0,0,0,0,0,0,0,0,0,0,0,0,0,0,0,0,0,0,0,0,0,0,0,0,0,0,0,0,0,0,0,0,0,0,0,0,0,0,0,0,0,0,0,0,0,0,0,0,0,0,0,0,0,0,0,0,18,0,0,0,0,0,0,0,0,0,0,0]} 1. d4 Nf6 2. Nf3 e6 3. g3 b6 4. Bg2 Bb7 5. O-O g6 6. c4 Bg7 7. Nc3 Ne4 8. Nxe4 Bxe4 9. Bg5 {A50: Queen's Fianchetto Defence (1 d4 Nf6 2 c4 b6)} (9. Ne5 Bxg2 10. Kxg2 c5 11. Be3 Bxe5 12. dxe5 Qc7 13. Bd2 Nc6 14. Bc3 O-O-O 15. f4 h5 16. e3 g5 {0-1 (39) Fedoseev,V (2731)-Rodshtein,M (2695) Tbilisi 2017}) 9... Qc8 10. Qd2 O-O 11. Bh6 d6 12. Bxg7 Kxg7 {LiveBook: 3 Games} 13. Qc3 $146 ({Predecessor:} 13. Ne1 Bxg2 14. Nxg2 Nd7 15. e4 Qb7 16. f3 Rae8 {½-½ (105) Kryakvin,D (2583)-Pogromsky,M (2416) Sochi 2017}) 13... Kg8 14. Rfd1 Nd7 15. Bh3 Qd8 16. d5 Bxf3 17. dxe6 Bc6 {Hoping for ...Nc5.} ({Of course not} 17... Bxe2 18. Re1 $16) 18. exd7 a5 19. Rd2 Qe7 20. Rd3 Rad8 21. Re3 Qg5 22. Rd1 $36 {[%mdl 2048] Black is under pressure.} Qh6 23. Bg2 Bxd7 (23... Bxg2 $11 24. Kxg2 Rxd7) 24. c5 $1 $16 Be6 25. cxb6 cxb6 26. Bd5 Rc8 27. Qf6 Bxd5 28. Rxd5 Rce8 29. Rxe8 Qc1+ 30. Kg2 Rxe8 31. Rxd6 {[%mdl 4096] Endgame KQR-KQR} Qc4 32. e3 (32. a3 {is more complex.} Qxe2 33. Rxb6 Qe5 34. Qxe5 Rxe5 35. Kf3) 32... Qxa2 33. Rxb6 Qd5+ 34. Qf3 Qxf3+ 35. Kxf3 {KR-KR} h5 36. Ke2 a4 37. f4 Kg7 38. Kf3 Ra8 39. h3 {[%cal Bh2h3,Bh3g4,Bg4g5][%mdl 32]} a3 40. bxa3 Rxa3 41. g4 hxg4+ 42. hxg4 Ra5 43. g5 Ra3 44. Rd6 Rb3 45. Ke4 Ra3 46. Kd4 Ra1 47. Ke5 Ra3 48. e4 Re3 49. Kd4 Rf3 {[#]} 50. Rf6 $1 Ra3 {[#]} 51. e5 (51. Rc6 $1 $16) 51... Ra4+ $11 {The position is equal.} 52. Ke3 Ra3+ 53. Ke4 Ra4+ 54. Kf3 Ra3+ 55. Kg4 Re3 56. Rc6 Kg8 57. Rc2 Kg7 58. Rf2 Kg8 59. Rf3 Re1 60. Rd3 Kf8 61. Kf3 Ke7 62. Ra3 Kf8 63. Re3 Rf1+ 64. Ke4 Ke7 65. Rd3 Re1+ 66. Kd5 Rc1 67. Rd4 Ra1 68. Rb4 Rd1+ 69. Ke4 Re1+ 70. Kd4 Rd1+ 71. Ke3 Re1+ 72. Kf2 Ra1 73. Rb7+ Kf8 74. Rd7 Ra2+ 75. Kf3 Ra3+ 76. Ke4 Ra4+ 77. Rd4 (77. Kf3 {looks sharper.} Ra3+) 77... Ra5 78. Rb4 Ra1 79. Kd5 Ra5+ 80. Kd4 Ke7 81. Rb7+ Kf8 82. Rc7 Ra4+ 83. Rc4 (83. Ke3 {keeps more tension.} Ra3+ 84. Kf2 Ra2+ 85. Kg3 Ra3+ 86. Kh4) 83... Ra5 84. Ke4 Kg7 85. Rc7 Kf8 86. Rc6 Ra4+ 87. Ke3 Ra1 88. Rf6 Kg7 89. Kd2 Ra4 90. Kd3 Rb4 91. Ke3 Rb3+ 92. Ke4 Rb4+ 93. Kd5 Rb5+ 94. Kd6 Rb4 95. e6 fxe6 96. Kxe6 Rb6+ 97. Ke7 Rb7+ 98. Kd8 Ra7 99. Ke8 {Precision: White = 49%, Black = 78%.} 1/2-1/2

[Event "ROU-ch Women 2018"]
[Site "Olanesti"]
[Date "2018.05.18"]
[Round "5"]
[White "Sandu, Mihaela"]
[Black "Cosman, Andreea-Marioara"]
[Result "1/2-1/2"]
[WhiteElo "2258"]
[BlackElo "2130"]
[Annotator "NA"]
[PlyCount "111"]
[EventDate "2018.??.??"]
[EventType "swiss"]
[EventCountry "ROU"]
[SourceTitle "playchess.com"]
[Source "ChessBase"]
[SourceQuality "1"]
[TimeControl "40/5400+30:1800+30"]

1. e4 {[%emt 0:00:00]} c5 {[%emt 0:00:03]} 2. Nf3 {[%emt 0:00:00]} d6 {[%emt 0:00:05]} 3. d4 {[%emt 0:00:00]} cxd4 {[%emt 0:00:05]} 4. Nxd4 {[%emt 0:00:00]} Nf6 {[%emt 0:00:08]} 5. Nc3 {[%emt 0:00:00]} a6 {[%emt 0:00:07]} 6. Be2 {[%emt 0:00:02]} e5 {[%emt 0:00:06]} 7. Nb3 {[%emt 0:00:07]} Be7 {[%emt 0:00:05]} 8. O-O {[%emt 0:00:06]} O-O {[%emt 0:00:05]} 9. Be3 {[%emt 0:00:09]} Be6 {[%emt 0:00:09]} 10. a4 {[%emt 0:00:37]} Nbd7 {[%emt 0:00:14]} 11. a5 {[%emt 0:00:16]} Rc8 {[%emt 0:01:33]} 12. Qd2 {[%emt 0:01:04]} Qc7 {[%emt 0:00:47]} 13. Rfd1 {[%emt 0:00:50]} Rfe8 $11 {[%emt 0:02:19]} 14. h3 {[%emt 0:01:05]} h6 {[%emt 0:00:46]} 15. Bf3 {[%emt 0:03:27]} Bf8 {[%emt 0:01:07]} 16. Qe1 {[%emt 0:07:49]} Be7 {[%emt 0:29:29]} 17. Rd2 {[%emt 0:04:24]} Bf8 {[%emt 0:05:46]} 18. Qd1 {[%emt 0:03:59]} Red8 {[%emt 0:01:01]} 19. Nd5 {[%emt 0:15:46]} Nxd5 {[%emt 0:01:09]} 20. exd5 {[%emt 0:00:05]} Bf5 {[%emt 0:00:03]} 21. c3 {[%emt 0:00:30]} Bh7 {[%emt 0:03:11]} 22. Be2 {[%emt 0:07:55]} Re8 {[%emt 0:12:36]} 23. Rc1 {[%emt 0:04:58]} f5 {[%emt 0:07:15]} 24. f4 {[%emt 0:00:28]} g5 {[%emt 0:04:07]} 25. fxe5 {[%emt 0:01:15]} Nxe5 {[%emt 0:05:05]} 26. Bb6 {[%emt 0:00:50]} Qf7 {[%emt 0:04:58]} 27. Nd4 {[%emt 0:02:21]} Nd7 {[%emt 0:07:12]} 28. Ne6 {[%emt 0:05:53]} Nf6 {[%emt 0:03:12]} 29. Bf3 {[%emt 0:03:06]} f4 {[%emt 0:04:10]} 30. Bd4 {[%emt 0:02:17]} Ne4 {[%emt 0:02:33]} 31. Re2 {[%emt 0:00:48]} Ng3 {[%emt 0:00:25]} 32. Re1 {[%emt 0:00:06]} Bf5 {[%emt 0:02:43]} 33. c4 {[%emt 0:02:16]} h5 {[%emt 0:02:23]} 34. Nxg5 {[%emt 0:02:24]} Qg6 {[%emt 0:00:07]} 35. Ne6 {[%emt 0:01:05]} Bh6 {[%emt 0:00:56]} 36. Kh2 {[%emt 0:04:13]} Kh7 {[%emt 0:00:27]} 37. Bf2 {[%emt 0:02:14]} Rg8 {[%emt 0:01:32]} 38. Qd4 {[%emt 0:02:41]} Rce8 {[%emt 0:00:51]} 39. b4 {[%emt 0:06:15]} Bxe6 {[%emt 0:00:21]} 40. dxe6 {[%emt 0:00:00]} Nf5 {[%emt 0:00:30]} 41. Qd5 {[%emt 0:09:46]} Bg7 {[%emt 0:03:32]} 42. c5 {[%emt 0:03:50]} Be5 {[%emt 0:04:59]} 43. cxd6 {[%emt 0:03:10]} Bxd6 {[%emt 0:00:27]} 44. Qxb7+ {[%emt 0:08:05]} Re7 {[%emt 0:00:57]} 45. Qd5 {[%emt 0:03:20]} Reg7 {[%emt 0:05:56]} 46. Kh1 {[%emt 0:02:05]} Kh8 {[%emt 0:06:37]} 47. Rc6 {[%emt 0:04:07]} Be7 {[%emt 0:06:57]} 48. Be4 {[%emt 0:06:04]} f3 {[%emt 0:01:24]} 49. Bxf3 {[%emt 0:00:28]} Rd8 {[%emt 0:01:38]} 50. Qxd8+ {[%emt 0:10:31]} Bxd8 {[%emt 0:00:05]} 51. e7 {[%emt 0:00:05]} Qe8 {[%emt 0:00:05]} 52. exd8=Q Qxd8 {[%emt 0:00:10]} 53. Rd1 {[%emt 0:01:06]} Rd7 {[%emt 0:01:13]} 54. Rxd7 {[%emt 0:00:38]} Qxd7 {[%emt 0:00:05]} 55. Rxa6 {[%emt 0:00:09]} Qd2 {[%emt 0:00:05]} 56. Kg1 {[%emt 0:01:46]} 1/2-1/2